Statistics for Modern-Day Countries of the Georgian Empire with a Map

Click here to take the quiz!

General Stats

  • This quiz has been taken 3,647 times
  • The average score is 7 of 7

Answers on the Map

Answers color-coded by a green-red scale on the quiz's map according to % correct below.
 

Answer Stats

Countries% Correct
Georgia
100%
Armenia
99%
Azerbaijan
99%
Russia
99%
Turkey
99%
Iran
98%
Iraq
95%

Score Distribution

Percentile by Number Answered

Percent of People with Each Score

Your Score History

You have not taken this quiz